Click to Translate - Hungarian - Statistics

General Stats
  • This quiz has been taken 1,816 times
  • The average score is 11 of 20
Answer Stats
Hint Answer % Correct
Hungary Magyarország
90%
Coffee Kávé
85%
Apple Alma
76%
Beer Sör
58%
Fifteen Tizenöt
58%
Please Kérem
54%
Green Zöld
53%
Chair Szék
52%
Milk Tej
51%
Yesterday Tegnap
50%
Newspaper Újság
50%
Swimming Pool Uszoda
49%
Train Vonat
48%
Monday Hétfő
47%
Hot Forró
46%
Sun Nap
46%
Forest Erdő
45%
Grass
44%
Eye Szem
44%
Sky Ég
43%
No matching quizzes found
Score Distribution
Percent of People with Each Score
Percentile by Number Answered
Your Score History
You have not taken this quiz